00442 2200169 4500245009500000250001100095100001800106700001700124700001700141650001600158005001900174260000900193041001400202084001100216500003600227336000900263 aLaporan Pelaksanaan Praktik Kerja Industri Crowne Plaza Hotel JakartacAldi NoviantohText aCet. 1 aAldi Novianto aDewi Safitri aNurlaelasari aLaporan PKL a20231030133828 c2017 aIndonesia a378.34 aLaporan PKL Kelas XI Perhotelan atext